| 000 | 00530nam a2200145Ia 4500 | ||
|---|---|---|---|
| 008 | 170221s9999 xx 000 0 und d | ||
| 100 | _aAsad Rehman | ||
| 245 | _aInfluence of Income and Occupation on Consumers’ Susceptibility to Reference Group demands on Brand Choice Decisions | ||
| 245 | _cAsad Rehman, Syed Ahsan Jamil | ||
| 260 | _bInternational Review of Management and Marketing | ||
| 260 | _c2016 | ||
| 300 | _a15 : 21 | ||
| 650 | _xMarketing. | ||
| 856 | _uhttp://www.econjournals.com/index.php/irmm/issue/view/82 | ||
| 999 |
_c312102 _d312102 |
||